000 00344nam a2200145 4500
008 190319s2010||||xo d
245 1 0 _aPraktická prírucka pre ucitela
250 _a1. vydanie
260 _bMPC
_aBratislava
_c2010
300 _a143 s.
020 _a978-80-8052-347-3
_c0
041 1 _aslo
044 _axo
_cSK
958 _aA
999 _c22233
_d22233